| 000 | 00633nam a2200253Ia 4500 | ||
|---|---|---|---|
| 003 | 20180604095020.0 | ||
| 005 | 20180604100457.0 | ||
| 008 | 170918s9999 xx 000 0 und d | ||
| 020 | _a9780439702119 | ||
| 082 | 0 | 1 |
_aM38 2000 _bLEX M38 2000 |
| 100 | _aMasoff, Joy | ||
| 245 | _aOh, yuck! : | ||
| 245 | _bselection from the encyclopedia of everything nasty / | ||
| 245 | _cLoreen Leedy. | ||
| 260 | _aNew York : | ||
| 260 | _bScholastic, | ||
| 260 | _c2000 | ||
| 300 | _a40 pages : | ||
| 300 | _bcolored illustration ; | ||
| 300 | _c25cm. | ||
| 500 | _a950 | ||
| 700 | _aSirrell, Terry | ||
| 942 |
_2ddc _cLEX |
||
| 999 |
_c342214 _d342214 |
||